Un mensaje a García

Uloženo v:
Podrobná bibliografie
Hlavní autor: Hubbard, Elbert (Autor)
Médium: Kniha
Jazyk:španělština
Vydáno: Santiago Renacimiento 1996
Témata:
Tagy: Přidat tag
Žádné tagy, Buďte první, kdo vytvoří štítek k tomuto záznamu!

MARC

LEADER 00000nam a2200000 a 4500
001 UCT9909
003 CL-VaPUC
008 970412e19960000CL |||||||||||||||||spa|d
082 0 4 |a 158.2  |b HUB  |2 21 
100 0 |a Hubbard, Elbert  |e author  |9 383003 
245 1 3 |a Un mensaje a García 
300 |a 66 p 
942 |c BK 
945 |d 19970412 00:00:00  |a rleighto 
260 |a Santiago  |b Renacimiento  |c 1996 
650 7 |a SUPERACION PERSONAL  |2 CL-VaPUC  |9 383004 
650 7 |a PERFECCIONAMIENTO PROFESIONAL  |2 CL-VaPUC  |9 332906 
650 7 |a DISCIPLINA  |2 CL-VaPUC  |9 308401 
650 0 |a Responsabilidad  |9 308399 
583 |a last modification  |c 19970412 00:00:00  |k Rodrigo Vera 
999 |c 258250  |d 258248